000 00612nam a2200121Ia 4500
008 220620s9999||||xx |||||||||||||| ||und||
245 0 _aFathers in Work Organizations
_bInequalities and Capabilities, Rationalities and Politics
546 _aEnglish[eng]
650 _aSociology||fatherhood||work organizations||parental leave
700 _aLiebig, Brigitte||Oechsle, Mechtild
856 _uhttps://library.oapen.org/bitstream/20.500.12657/25800/1/1004289.pdf||https://library.oapen.org/bitstream/20.500.12657/25800/1/1004289.pdf||https://library.oapen.org/bitstream/20.500.12657/25800/1/1004289.pdf
942 _cEB
999 _c28884
_d28884